000 00617nam a2200265Ia 4500
005 20260306164100.0
008 008 260114s9999 xx 000 0 eng d
020 _a9780823286010
037 _aEBOOK
040 _aCRL
040 _beng
040 _cCRL
041 _2eng
041 _aeng
084 _qCRL
100 _aWood
245 0 _aDeep Time, Dark Times: On Being Geologically Human
260 _bFordham University Press
260 _c2019
650 _aPhilosophy
856 _uhttps://academic.oup.com/book/31151
942 _cEBOOK
999 _c1712678
_d1712678